| 000 | 00739pam a2200229 a 4500 | ||
|---|---|---|---|
| 001 | 2453419 | ||
| 003 | OSt | ||
| 005 | 20240626121506.0 | ||
| 008 | 891024s1990 enkab b 001 0 eng | ||
| 020 | _a0862328829 | ||
| 020 | _a0862328837. | ||
| 040 |
_aDDC _cMUST |
||
| 082 | 0 | 0 |
_a331.11 POT 1990 _219 |
| 100 | 1 |
_aPotts, Lydia, _918053 |
|
| 245 | 1 | 4 |
_aThe world labour market : _ba history of migration / _cLydia Potts ; translated by Terry Bond. |
| 260 |
_aLondon ; _aAtlantic Highlands, N.J. : _bZed Books, _c1990. |
||
| 300 |
_a247 p.: _bill., maps ; _c22 cm. |
||
| 504 | _aIncludes bibliographical references and index. | ||
| 650 | 0 |
_aForeign workers _xHistory. _918054 |
|
| 650 | 0 |
_aForced labor _xHistory. _918055 |
|
| 942 |
_2ddc _cO_SHELF |
||
| 999 |
_c8920 _d8920 |
||